Allan Quatermain (Запис № 282101)

МАРК-запис
000 -Лідер
fixed length control field 01587nam a22002537a 4500
001 - Контрольний номер
control field 216219487
003 - Ідентифікатор контрольного номера
control field UA-OsUOA
005 - Дата та час останнього входження (трансакції)
control field 20201020103820.0
008 - Елементи даних фіксованої довжини – загальна інформація
fixed length control field 201020b -uk||||g |||| 00| f eng d
020 ## - Міжнародний стандартний книжковий номер (ISBN)
Міжнародний стандартний книжковий номер (ISBN) (НП) 9780140621556
040 ## - Джерело каталогізації
Агенція оригінальної каталогізації UA-OsUOA
Мова каталогізації ukr
Агенція, яка здійснювала перезапис UA-OsUOA
Агенція, яка здійснювала модифікацію UA-OsUOA
041 ## - Код мови
Код мови тексту/ звукової доріжки чи окремого заголовка (П) eng
080 ## - Індекс Універсальної десяткової класифікації
Індекс Універсальної десяткової класифікації (УДК) (НП) 821.111
090 ## - Локальний шифр розміщення
Класифікаційний індекс УДК 821.111
Авторський знак (НП) H15
100 ## - Основне введення – ім’я особи
Ім’я особи (НП) Haggard H. R.
245 ## - Відомості про назву
Назва (НП) Allan Quatermain
Дані про відповідальність (НП) H. Rider Haggard
260 ## - Публікація, розповсюдження і т.п. (Вихідні дані)
Місце публікації, розповсюдження і т.п. (П) London
Ім’я/ наймення видавництва, розповсюджувача і т.п. (П) Penguin Books
Дата публікації, розповсюдження і т.п. (П) 1995
300 ## - Фізичний опис
Обсяг 279 p.
490 ## - Область серії
Назва серії Penguin Popular Classics
520 ## - Резюме і т.п.
Резюме, реферат, анотація, тощо (НП) ‘So it was true ... All my life had I heard rumours of a white race that existed in the highlands of the interior of this vast continent, and longed to put them to the proof, and now here I saw it with my own eyes, and was dumbfounded.’<br/><br/>After an earlier adventure when Allan Quatermain and his two friends had discovered King Solomon’s mines, life back home in England seems very stale. Yearning for excitement, the three are drawn back to Africa, where they are joined by the resourceful warrior Umslopogaas and a cowardly French chef. After many dangers, both natural and human, they enter an unknown Paradise. <br/><br/>But Zu-Vendis is no haven of safety for the weary travellers. The country is ruled by two beautiful sisters who cause more than trouble and heartache for their unexpected visitors. For, as passions rise, it is clear they can be resolved only in a last great battle where victory will cost the highest price.
650 ## - Додаткове предметне введення – тематичний термін
Тематичний термін чи географічна назва, як елемент введення (НП) 821.111 Англійська література
Джерело заголовка чи терміна UDC
942 ## - Додаткові елементи входу (Коха)
Source of classification or shelving scheme Universal Decimal Classification
Тип елемента Koha Книги
955 ## - Код типу видання за змістом
Код типу видання за змістом (НП) Літературно-художні видання
Фонди
Стан вилучень Стан втрат Джерело класифікації або схеми стелажів Стан уражень Не для кредиту Постійне місце розташування Поточне розміщення Дата придбання Джерело придбання Вартість, звичайна ціна покупки Повний номер виклику Штрих-код Дата останнього перегляду Вартість, ціна заміни Ціна ефективна від Тип елемента Koha
    Universal Decimal Classification     ВІЛ - Відділ іноземн. літератури НБ ВІЛ - Відділ іноземн. літератури НБ 08/08/2005 Акт № 5\05 4.00 821.111 H15 209569 06/12/2021 4.00 26/12/2005 Книги